El antropólogo como autor
Saved in:
| Hovedforfatter: | |
|---|---|
| Format: | Bog |
| Sprog: | spansk |
| Udgivet: |
Barcelona
Paidos
1989
|
| Udgivelse: | 1a. ed |
| Serier: | Paidos Studio, 73
|
| Fag: | |
| Tags: |
Tilføj Tag
Ingen Tags, Vær først til at tagge denne postø!
|
MARC
| LEADER | 00000cam a2200000 a 4500 | ||
|---|---|---|---|
| 001 | UCP0411 | ||
| 003 | CL-VaPUC | ||
| 008 | 990313e19890000SP |||||||||||||||||spa|d | ||
| 020 | |a 9788475095240 | ||
| 082 | 0 | 4 | |a 301 |b GEE |2 21 |
| 100 | |a Geertz, Clifford |e author |9 524021 | ||
| 245 | 1 | 3 | |a El antropólogo como autor |
| 250 | |a 1a. ed | ||
| 300 | |a 163 p | ||
| 942 | |c BK | ||
| 945 | |d 19990313 00:00:00 |a rbrito | ||
| 260 | |a Barcelona |b Paidos |c 1989 | ||
| 650 | 0 | |a Antropología |9 233030 | |
| 650 | 0 | |a Cultura |9 269059 | |
| 650 | 0 | |a Etnografía |9 309735 | |
| 650 | 0 | |a Etnología |9 258726 | |
| 650 | 0 | |a Análisis lingüístico |9 314711 | |
| 583 | |a last modification |c 20120831 01:54:08 |k Rodrigo Vera | ||
| 490 | 0 | |a Paidos Studio, 73 | |
| 999 | |c 279228 |d 279226 | ||
| 952 | |0 0 |1 0 |4 0 |6 301_000000000000000_GEE_1989 |7 0 |8 A |9 318188 |a BIBCUR |b BIBCUR |d 2019-11-20 |i 3503852 |o 301 GEE 1989 |p 3503852 |r 2025-04-22 |w 2019-11-20 |y BK |k PER | ||
| 952 | |0 0 |1 0 |4 0 |6 301_000000000000000_GEE_1989 |7 0 |8 A |9 318189 |a BIBEDU |b BIBEDU |d 2019-11-20 |i 4900480 |l 1 |o 301 GEE 1989 |p 4900480 |r 2025-04-29 |s 2025-04-07 |w 2019-11-20 |y BK |k PSI | ||
| 952 | |0 0 |1 0 |4 0 |6 301_000000000000000_GEE_1989 |7 0 |8 A |9 318190 |a BIBEDU |b BIBEDU |d 2019-11-20 |i 4900499 |o 301 GEE 1989 |p 4900499 |r 2019-11-20 |w 2019-11-20 |y BK |k PSI | ||